00634nam a22002057a 450000500170000001000240001702000270004103500170006803500140008503700160009903700130011508200160012810000210014424500690016526000480023427000560028230000260033850000410036470000230040520181220153542.0 a1617EN ENG-116933 a9789382823247c1395.00 aB-653116-127 aEN-100465 adpl bViva  bDBAD/PUB a340.0917645 aTabasum, Samiya  aHindu law / cby Samiya Tabasum; forwarded by A.Muhamed Mustaque aNew Delhi bSatyam Law International c2015 a2/13, Ansari Road, Darya Ganj, bNew Delhi e110002 axxvi,598p. c23cm(Hb) aIncludes bibliographical references  aMustaque, Muhamed